<?xml version="1.0" encoding="UTF-8"?>
<record
    xmlns:xsi="http://www.w3.org/2001/XMLSchema-instance"
    xsi:schemaLocation="http://www.loc.gov/MARC21/slim http://www.loc.gov/standards/marcxml/schema/MARC21slim.xsd"
    xmlns="http://www.loc.gov/MARC21/slim">

  <leader>01384nam0a2200325   4500</leader>
  <controlfield tag="001">RU\NLR\bibl\1877655</controlfield>
  <controlfield tag="005">20260406110447.0</controlfield>
  <datafield tag="035" ind1=" " ind2=" ">
    <subfield code="a">(NLR Aleph) 001867449</subfield>
  </datafield>
  <datafield tag="090" ind1=" " ind2=" ">
    <subfield code="a">2615013</subfield>
    <subfield code="c">2615013</subfield>
  </datafield>
  <datafield tag="100" ind1=" " ind2=" ">
    <subfield code="a">20120306d2011    |||y0rusy50      ca</subfield>
  </datafield>
  <datafield tag="101" ind1="0" ind2=" ">
    <subfield code="a">rus</subfield>
  </datafield>
  <datafield tag="102" ind1=" " ind2=" ">
    <subfield code="a">RU</subfield>
  </datafield>
  <datafield tag="105" ind1=" " ind2=" ">
    <subfield code="a">y   |||||||||</subfield>
  </datafield>
  <datafield tag="200" ind1="1" ind2=" ">
    <subfield code="a">&#x414;&#x430; &#x438;&#x441;&#x447;&#x435;&#x437;&#x43D;&#x435;&#x442; &#x43F;&#x435;&#x447;&#x430;&#x43B;&#x44C;, &#x41F;&#x43E;&#x43A;&#x430; &#x43C;&#x44B; &#x43C;&#x43E;&#x43B;&#x43E;&#x434;&#x44B;!</subfield>
    <subfield code="d">Pereat tristitia, Juvenes dum sumus!</subfield>
    <subfield code="f">&#x413;&#x440;&#x438;&#x433;&#x43E;&#x440;&#x438;&#x439; &#x42F;&#x441;&#x442;&#x440;&#x435;&#x431;&#x435;&#x43D;&#x435;&#x446;&#x43A;&#x438;&#x439;</subfield>
    <subfield code="z">lat</subfield>
  </datafield>
  <datafield tag="210" ind1=" " ind2=" ">
    <subfield code="a">&#x421;&#x430;&#x43D;&#x43A;&#x442;-&#x41F;&#x435;&#x442;&#x435;&#x440;&#x431;&#x443;&#x440;&#x433;</subfield>
    <subfield code="c">&#x424;&#x438;&#x43B;&#x430;&#x442;&#x435;&#x43B;&#x438;&#x44F;</subfield>
    <subfield code="d">2011</subfield>
  </datafield>
  <datafield tag="215" ind1=" " ind2=" ">
    <subfield code="a">117 &#x441;.</subfield>
    <subfield code="c">&#x438;&#x43B;., &#x43F;&#x43E;&#x440;&#x442;&#x440;., &#x444;&#x430;&#x43A;&#x441;.</subfield>
    <subfield code="d">21</subfield>
  </datafield>
  <datafield tag="316" ind1=" " ind2=" ">
    <subfield code="a">&#x42D;&#x43A;&#x437;. N&#xB0; 03 &#x420;&#x43E;&#x441;. &#x43D;&#x430;&#x446;. &#x431;-&#x43A;&#x438;</subfield>
    <subfield code="5">NLR</subfield>
  </datafield>
  <datafield tag="510" ind1="0" ind2=" ">
    <subfield code="6">z73790</subfield>
    <subfield code="a">Pereat tristitia, Juvenes dum sumus!</subfield>
    <subfield code="z">lat</subfield>
  </datafield>
  <datafield tag="600" ind1=" " ind2="1">
    <subfield code="a">&#x42F;&#x441;&#x442;&#x440;&#x435;&#x431;&#x435;&#x43D;&#x435;&#x446;&#x43A;&#x438;&#x439;</subfield>
    <subfield code="b">&#x413;.&#x414;.</subfield>
    <subfield code="f">1923</subfield>
    <subfield code="g">&#x413;&#x440;&#x438;&#x433;&#x43E;&#x440;&#x438;&#x439; &#x414;&#x430;&#x43D;&#x438;&#x43B;&#x43E;&#x432;&#x438;&#x447;</subfield>
    <subfield code="x">&#x410;&#x432;&#x442;&#x43E;&#x431;&#x438;&#x43E;&#x433;&#x440;&#x430;&#x444;&#x438;&#x44F;</subfield>
    <subfield code="9">2096796</subfield>
    <subfield code="3">RU\NLR\auth\661572097</subfield>
  </datafield>
  <datafield tag="686" ind1=" " ind2=" ">
    <subfield code="a">&#x429;133(2&#x420;=&#x420;&#x443;&#x441;)7-8&#x42F;&#x441;&#x442;&#x440;&#x435;&#x431;&#x435;&#x43D;&#x435;&#x446;&#x43A;&#x438;&#x439;</subfield>
  </datafield>
  <datafield tag="700" ind1=" " ind2="1">
    <subfield code="4">070</subfield>
    <subfield code="8">rus</subfield>
    <subfield code="7">ca</subfield>
    <subfield code="a">&#x42F;&#x441;&#x442;&#x440;&#x435;&#x431;&#x435;&#x43D;&#x435;&#x446;&#x43A;&#x438;&#x439;</subfield>
    <subfield code="b">&#x413;. &#x414;.</subfield>
    <subfield code="f">1923-2022</subfield>
    <subfield code="g">&#x413;&#x440;&#x438;&#x433;&#x43E;&#x440;&#x438;&#x439; &#x414;&#x430;&#x43D;&#x438;&#x43B;&#x43E;&#x432;&#x438;&#x447;</subfield>
    <subfield code="3">RU\NLR\AUTH\77109591</subfield>
    <subfield code="9">92516</subfield>
  </datafield>
  <datafield tag="790" ind1=" " ind2="1">
    <subfield code="4">070</subfield>
    <subfield code="8">rus</subfield>
    <subfield code="7">ba</subfield>
    <subfield code="a">Jastrebeneckij</subfield>
    <subfield code="b">G. D.</subfield>
    <subfield code="f">1923-2022</subfield>
    <subfield code="g">Grigorij Danilovi&#x10D;</subfield>
    <subfield code="3">RU\NLR\AUTH\77109596</subfield>
    <subfield code="9">92521</subfield>
  </datafield>
  <datafield tag="801" ind1=" " ind2="0">
    <subfield code="a">RU</subfield>
    <subfield code="b">NLR</subfield>
    <subfield code="c">20120306</subfield>
    <subfield code="g">RCR</subfield>
  </datafield>
  <datafield tag="801" ind1=" " ind2="1">
    <subfield code="a">RU</subfield>
    <subfield code="b">NLR</subfield>
    <subfield code="c">20120306</subfield>
  </datafield>
  <datafield tag="830" ind1=" " ind2=" ">
    <subfield code="a">&#x43F;&#x43E; &#x44D;&#x43A;</subfield>
  </datafield>
  <datafield tag="942" ind1=" " ind2=" ">
    <subfield code="c">BOOK</subfield>
  </datafield>
  <datafield tag="980" ind1=" " ind2=" ">
    <subfield code="a">NB</subfield>
  </datafield>
  <datafield tag="980" ind1=" " ind2=" ">
    <subfield code="a">NBR</subfield>
  </datafield>
  <datafield tag="995" ind1=" " ind2=" ">
    <subfield code="5">2012-03-06</subfield>
    <subfield code="a">ab</subfield>
    <subfield code="b">NLR01</subfield>
    <subfield code="c">NLR01</subfield>
    <subfield code="e">RF8</subfield>
    <subfield code="f">1-3232822</subfield>
    <subfield code="k">2012-3/7545</subfield>
    <subfield code="o">0</subfield>
    <subfield code="r">BOOK</subfield>
    <subfield code="s">201237545_</subfield>
  </datafield>
  <datafield tag="995" ind1=" " ind2=" ">
    <subfield code="5">2019-05-13</subfield>
    <subfield code="a">ab</subfield>
    <subfield code="b">NLR01</subfield>
    <subfield code="c">NLR01</subfield>
    <subfield code="e">RF8</subfield>
    <subfield code="f">1-2651801</subfield>
    <subfield code="k">2012-3/7545</subfield>
    <subfield code="o">0</subfield>
    <subfield code="p">100.00</subfield>
    <subfield code="r">BOOK</subfield>
    <subfield code="s">201237545_</subfield>
  </datafield>
</record>
